000 00487cam a2200169 4500500
005 20251012032627.0
041 _afre
042 _adc
100 1 0 _aSesé, Bernard
_eauthor
700 1 0 _a Fonseca, Carlos
_eauthor
700 1 0 _a Carreto, Clamote
_eauthor
245 0 0 _aÊtre/Ser
260 _c2008.
500 _a4
786 0 _nSigila | 21 | 1 | 2008-06-20 | p. 56-57 | 1286-1715
856 4 1 _uhttps://shs.cairn.info/revue-sigila-2008-1-page-56?lang=fr&redirect-ssocas=7080
999 _c1547889
_d1547889